00000000nam##2200000za#4500
0019.557810
003CaOODSP
00520210624172055
007cr |||||||||||
008150406|1999||||xxc|||||o    f|0| 0 eng|d
040 |aCaOODSP|beng
043 |an-cn---
0861 |aH113-1/3-1999E-PDF
1101 |aCanada. |bPest Management Regulatory Agency.
24510|aEffective control of bats |h[electronic resource]
260 |aOttawa - Ontario : |bHealth Canada.
300 |a2p.|billus.
4901 |aPest note |vApril 1999
590 |a10-03-Supp|b2010-06-21
77508|tLutte efficace contre les chauves-souris |w(CaOODSP)9.602857
830#0|aPest note ;|vApril 1999|w(CaOODSP)9.504455
85640|ahttp://publications.gc.ca|qPDF|s551 KB|uhttps://publications.gc.ca/collections/Collection/H113-1-3-1999E.pdf|yApril 1999